000 00707cab a2200217 4500
001 WB2843-57
008 090401t1992 xxu||||| |||| 00| 0 eng d
035 _a(Sirsi) u55481
041 _aeng
245 _aRoad costs overrun
260 _c1992
350 _a0
490 _aFinancial Times
_v4 November 1992, 11(1)
520 _aAccording to the National Audit Office, road contract costs overrun by 28% in spite of efforts by the DTp to reduce the increases by 15% in 1988-89.
650 _aCOSTS
650 _aROAD CONSTRUCTION
650 _aPROPERTY-INFRASTRUCTURE-TRANSPORT INFRASTRUCTURE-ROAD INFRASTRUCTURE
690 _aTRANSPORT AND COMMUNICATIONS
942 _n0
948 _c04/03/1997
999 _c33897
_d33897